Harry Potter: la Famille Abbot - Statistiques

Statistiques générales
  • Ce quiz a été pris 60 fois
  • Le résultat moyen est 6 sur 7
Statistiques - réponses
Information Réponses % Correct
Première apparition Harry Potter à l’école des sorciers
100%
Membre connue Hannah Abbot
98%
Dernière apparition Harry Potter et les Reliques de la Mort
98%
Registre auquel elle appartient Registre des Sang-Pur
98%
Statut de sang Sang-Pur
98%
Membre (par alliance) Neville Londubat
77%
Membre connue Giffard Abbot
5%
Aucun quiz correspondant
Distribution des résultats
% des personnes avec chaque résultat
Percentile par nombre de réponses
Votre historique - résultats
Vous n’avez pas pris ce quiz